000 nam a22 a 4500
999 _c332713
_d332713
003 BLK
005 20230403110749.0
008 190711b bu ||||| |||| 00| 0 bu d
040 _aBLK
041 _aBUL
_cBUL
080 _aШведска литература
_b821.113.6
_x-32
_z821.113.6-32
100 _9340332
_aБакман, Фредрик
_eпърви автор
245 _aСебастиан и Тролът
_bкратък разказ за чувствата
_cФредрик Бакман
260 _9217021
_aСофия
_bСиела Норма
_c2018
300 _a32 с
_c18 см
380 _aX
700 _9367630
_aДамянов, Дамян
_eил.
700 _aГиздов, Любомир Емилов
_9455395
852 _bЦб
942 _cKNG
_n0
_02
944 _aCR
_c2019-07-11
_kВ.Р